| 000 | 01203nam a22003017a 4500 | ||
|---|---|---|---|
| 999 |
_c63766 _d63766 |
||
| 005 | 20240530110657.0 | ||
| 008 | 171224s2016 ua a f b 000 0 ara d | ||
| 017 |
_a2014/22862 _bمصر. دار الكتب |
||
| 020 | _a9789770529430 | ||
| 040 |
_aEG-CaGPL _cEG-CaGPL |
||
| 082 | 0 | 4 |
_221 _a616.89\ _bج ع |
| 100 | 1 | _aجونسون ، شير ل. | |
| 245 | 1 | 0 |
_aعلم النفس المرضى : _bالدليل التشخيصى والاحصائى للاضطرابات النفسية / _cتاليف شير ل. جونسون ، آن م. كرينج ؛ ترجمة امثال هادى الحويلية ( واخ ... ) |
| 250 | _aط.2 | ||
| 260 |
_aالقاهرة : _bمكتبة الانجلو المصرية ، _c2016 . |
||
| 300 |
_a1229 ص. ؛ _c24 سم. |
||
| 650 | 0 | 7 |
_2qrmak _aعلم النفس المرضى |
| 650 | 0 | 7 |
_2qrmak _aالفصام |
| 650 | 0 | 7 |
_2qrmak _aالاكتئاب |
| 650 | 0 | 7 |
_2qrmak _aالتوحد |
| 650 | 0 | 7 |
_2qrmak _aالوسواس القهرى |
| 650 | 0 | 7 |
_2qrmak _aالقلق |
| 650 | 0 | 7 |
_2qrmak _aالهلع |
| 651 | _2qrmak | ||
| 700 | 0 |
_aامثال هادى الحويلية _eمترجم |
|
| 942 |
_2ddc _cBK |
||